Statistics for Countries From Largest To Smallest Starting With D

Click here to take the quiz!

General Stats

  • This quiz has been taken 26 times
  • The average score is 5 of 5

Answer Stats

SizeAnswer% Correct
43,098 sq.kmDenmark
100%
48,730 sq.kmDominican Republic
92%
22,000 sq.kmDjibouti
92%
754 sq.kmDominica
92%
2,345,410 sq.kmD.R. Congo
81%

Score Distribution

Percentile by Number Answered

Percent of People with Each Score

Your Score History

You have not taken this quiz